000
00297nam a22001097a 4500
008
230619b xxu||||| |||| 00| 0 eng d
082
_2
4
_a
299.93
_b
PAV
245
_a
Theosophy Explained in Questions and Answers
260
_a
India
_b
The Indian Bookshop
_c
1982
300
_a
XXVI,580p
942
_2
ddc
_c
BK
999
_c
1202
_d
1202